| 000 | 00596nam a2200193Ia 4500 | ||
|---|---|---|---|
| 001 | 59321 | ||
| 008 | 151123n ii |||gr||||Z||||||465 | ||
| 020 | _a978-93-82264-01-9 | ||
| 082 | _a510 | ||
| 100 | _aPatil ,Dilip P& Storch,Uwe . | ||
| 245 | 0 |
_aIntroduction to Algebraic Geometry and Commutative Algebra _cDilip P Patil & Uwe Storch _hTextual Documents |
|
| 250 | _aReprint--2012. | ||
| 260 |
_aLondon _bWorld Scientific |
||
| 300 |
_a209pg: _bindex; _c23cm. |
||
| 653 | _aMathematics | ||
| 653 | _aAlgebraic Geometry and Commutative Algebra | ||
| 653 | _aG-Mathematics | ||
| 942 |
_2ddc _cBK |
||
| 999 |
_c59202 _d59202 |
||